000 00757nam a2200217 a 4500
005 20210223130753.0
008 081103s1986 mx r 000 0 spa d
035 _aUPN01000164788
049 _aUNE
080 _a37.014 (100) LOE No.72.
100 1 _aLoewald, Richard
245 1 0 _aEvaluación de los proyectos de educación asistidos por el PMA :
_bguía destinada a los educadores que participan en equipos de evaluación /
_cpor Richard Loewald.
260 _aParís :
_bUNESCO ;
_aNueva York :
_bUNICEF,
_c1986.
300 _a27 p.
440 0 _aNotes, comments... ;
_v72
690 _aEvaluacion de la educacion
690 _aProgramas de educacion
710 2 _aUNICEF
_924085
710 2 _aPrograma de Alimentación Mundial
905 _aUNESCO
999 _c136900
_d136900